000 02090nam0a2200385 4500
001 RU\NLR\bibl\1296191
005 20260405173957.0
010 _a978-5-9758-0777-9
_9100
021 _aRU
_b2008-75822
_94375
035 _a(NLR Aleph) 001281814
090 _a503806
_c503806
100 _a20081119d2008 |||y0rusy50 ca
101 0 _arus
102 _aRU
105 _aa |||||||||
200 1 _aПотенциометрические сенсоры для определения синтетических поверхностно-активных веществ
_fЕ.Г. Кулапина, Р.К. Чернова, А.И. Кулапин
_gпод ред. проф. Р.К. Черновой
_gФедер. агентство по образованию Рос. Федерации, Сарат. гос. ун-т им. Н.Г. Чернышевского
210 _aСаратов
_cНаучная книга
_d2008
215 _a176 с.
_cил.
_d21
225 1 _aПриоритетные национальные проекты
_iОбразование
300 _a100-летию Сарат. гос. ун-та им. Н.Г. Чернышевского, 80-летию Хим. фак. посвящается
320 _aБиблиогр. в конце глав
606 1 _aХимические сенсоры
_91968200
_3RU\NLR\auth\661188591
606 1 _aПоверхностно-активные вещества синтетические
_91049335
_3RU\NLR\auth\66405353
686 _aГ576.3
686 _aЛ785.3
700 1 _4070
_8rus
_7ca
_aКулапина
_bЕ. Г.
_f1944-
_gЕлена Григорьевна
_3RU\NLR\auth\7775287
_958215
701 1 _4070
_8rus
_7ca
_aЧернова
_bР. К.
_cд-р хим. наук
_f1938-
_gРимма Кузьминична
_3RU\NLR\auth\7775284
_958212
701 1 _4070
_8rus
_7ca
_aКулапин
_bА. И.
_gАлексей Иванович
_3RU\NLR\auth\7775291
_958219
801 0 _aRU
_bNLR
_c20081119
_gRCR
801 1 _aRU
_bNLR
_c20081119
830 _aАвт. по кн.
942 _cBOOK
980 _aNB
980 _aNBR